00472nam a2200145Ia 4500003000500000005001700005008004100022020003500063040001400098082001200112100002100124245012300145260003500268300002300303322820250610103821.0210817s9999    xx     e      000 1 AFR d  a9780799332674qHardcover (hbk)  aRDAc3228  aAF ACKE  aAckermann, Dirna 0aBrose blomskulp cDirna Ackerann; Ontwerpbestuurder: Susan Bloemhof; Ontwerper: marinda knox; Omslagfoto: Gallo Images  aPretoriabLAPA Uitgewersc2004  a159 Pages;c21 cm.